[Event "Chess Classic"]
[Site "London ENG"]
[Date "2009.12.08"]
[Round "1"]
[White "Howell,D"]
[Black "Adams,Mi"]
[Result "1/2-1/2"]
[WhiteElo "2597"]
[BlackElo "2698"]
[EventDate "2009.12.08"]

1. e4 e5 2. Nf3 Nc6 3. d4 exd4 4. Nxd4 Bc5 5. Be3 Qf6 6. c3 Nge7 7. Bc4 b6
8. O-O O-O 9. Qd2 Qg6 10. f3 a5 11. Nb5 Ne5 12. Be2 Bxe3+ 13. Qxe3 c6 14.
Nd4 c5 15. Nb5 Bb7 16. Nd2 d5 17. f4 Qh6 18. exd5 Nxd5 19. Qxe5 Rae8 20.
Qh5 Nxf4 21. Qxh6 Nxe2+ 22. Kh1 gxh6 23. Nd6 Rd8 24. Rf6 Nf4 25. Nxb7 Rxd2
26. Rxf4 Rb8 27. Nxc5 bxc5 28. b3 Rc2 29. Ra4 Rxc3 30. Rxa5 Rc2 31. h3 Rd8
32. Ra4 Rdd2 33. Rg4+ Kf8 34. a4 Rc3 35. Rc4 Rg3 36. Rg1 Rxb3 37. Rxc5 Rbb2
38. a5 Ra2 39. Rf5 Kg8 40. Kh2 Kg7 41. Rb5 Rd6 42. Rgb1 Rdd2 43. Rg1 Rd6
44. Rgb1 Rdd2 45. Rg1 1/2-1/2

[Event "Chess Classic"]
[Site "London ENG"]
[Date "2009.12.09"]
[Round "2"]
[White "Short,N"]
[Black "Howell,D"]
[Result "1/2-1/2"]
[WhiteElo "2707"]
[BlackElo "2597"]
[EventDate "2009.12.08"]

1. e4 e5 2. Nf3 Nf6 3. Nxe5 d6 4. Nf3 Nxe4 5. d4 d5 6. Bd3 Nc6 7. O-O Be7
8. Re1 Bg4 9. Nc3 Nxc3 10. bxc3 O-O 11. Bf4 Qd7 12. Rb1 Bd6 13. Bxd6 cxd6
14. h3 Bh5 15. Rb5 Ne7 16. Qb1 b6 17. Nd2 Bg6 18. a4 Rac8 19. Qb2 Rfe8 20.
Bf1 Qc7 21. c4 dxc4 22. Nxc4 Nc6 23. Ra1 Re4 24. c3 Rce8 25. Qd2 h6 26. a5
Nxa5 27. Nxa5 bxa5 28. Rbxa5 R8e7 29. f3 R4e6 30. h4 h5 31. c4 Rd7 32. d5
Ree7 33. Qd4 Qb8 34. Rb5 Rb7 35. Kf2 Rec7 36. Raa5 Rxb5 37. Rxb5 Rb7 38.
Rxb7 Qxb7 39. c5 dxc5 40. Qxc5 Qb2+ 41. Ke3 Qe5+ 42. Kf2 Qb2+ 43. Ke3 Qe5+
44. Kf2 Qb2+ 1/2-1/2

[Event "Chess Classic"]
[Site "London ENG"]
[Date "2009.12.10"]
[Round "3"]
[White "Howell,D"]
[Black "Carlsen,M"]
[Result "1/2-1/2"]
[WhiteElo "2597"]
[BlackElo "2801"]
[EventDate "2009.12.08"]

1. e4 c5 2. c3 d5 3. exd5 Qxd5 4. d4 Nf6 5. Nf3 e6 6. Be3 Be7 7. dxc5 Qxd1+
8. Kxd1 O-O 9. Nbd2 Ng4 10. Nb3 Nxe3+ 11. fxe3 Nd7 12. c6 bxc6 13. Na5 Bc5
14. Nd4 Nf6 15. Bc4 Ng4 16. Ke2 e5 17. Nc2 Bf5 18. h3 Nf6 19. Nb4 Be4 20.
Nbxc6 Rfe8 21. Rhg1 Bb6 22. b4 Rac8 23. b5 Bxa5 24. Nxa5 Rc5 25. a4 Rec8
26. Bd3 Bxd3+ 27. Kxd3 Rxc3+ 28. Ke2 Rc2+ 29. Kf3 e4+ 30. Kf4 R8c5 31. Nc6
g5+ 32. Kg3 R5c3 33. Ne7+ Kf8 34. Nf5 Nd5 35. Rge1 Nf4 36. Rg1 Ne2+ 37. Kg4
Nxg1 38. Rxg1 f6 39. h4 gxh4 40. Kxh4 Ra3 41. g4 Rxa4 42. Rd1 Raa2 43. Rd7
Rh2+ 44. Kg3 Rhg2+ 45. Kh3 Rgf2 46. Nd4 Kg8 47. Re7 Kf8 48. Rc7 Ke8 49. Kg3
Rf1 50. Rxh7 Ra3 51. Kg2 Rd1 52. Nf5 Rd7 53. Rh8+ Kf7 54. Kg3 Rb3 55. Kf4
Rb1 56. Kxe4 Rf1 57. Rh7+ Ke6 58. Rh8 Rc7 59. Nd4+ Kd6 60. Rd8+ Rd7 61. Rc8
Rg7 62. Rd8+ Rd7 63. Rc8 Re7+ 64. Kd3 Rc7 65. Rd8+ Rd7 66. Rg8 Rg1 67. Ke2
Kc5 68. Kf2 Rb1 69. Rf8 Rd6 70. Rf7 Rb2+ 71. Kf3 Ra2 72. Ke4 Kb6 73. Rf8
Rg2 74. Kf3 Rh2 75. Rb8+ Kc7 76. Ra8 Kb7 77. Rf8 Rh7 78. Kf4 Rh1 79. Kf3
1/2-1/2

[Event "Chess Classic"]
[Site "London ENG"]
[Date "2009.12.10"]
[Round "3"]
[White "Nakamura,Hi"]
[Black "Short,N"]
[Result "1/2-1/2"]
[WhiteElo "2715"]
[BlackElo "2707"]
[EventDate "2009.12.08"]

1. d4 Nf6 2. c4 e6 3. Nc3 Bb4 4. e3 b6 5. Nge2 Ne4 6. Bd2 Nxd2 7. Qxd2 Nc6
8. a3 Be7 9. Nf4 Bg5 10. b4 Bb7 11. d5 Ne5 12. Rc1 O-O 13. Be2 a5 14. O-O
axb4 15. axb4 Bxf4 16. exf4 Ng6 17. Rfe1 c6 18. g3 cxd5 19. cxd5 Ne7 20.
Bf3 Ra3 21. Be4 Qa8 22. Rcd1 h6 23. Qd4 Nxd5 24. Nxd5 Bxd5 25. Bxd5 Qxd5
26. Qxd5 exd5 27. Rxd5 Ra7 28. Rd6 Rb7 29. f5 f6 30. Red1 Rc8 31. Kg2 Rc4
32. R1d4 Rxd4 33. Rxd4 Rc7 34. Kf3 Rc2 35. h4 h5 36. Rd5 Rc4 37. Rb5 Rc6
38. Rd5 Rc4 39. b5 Rb4 40. Ke3 Kf8 41. Rxd7 Rxb5 42. Rb7 Rxf5 43. Rxb6
1/2-1/2

[Event "Chess Classic"]
[Site "London ENG"]
[Date "2009.12.12"]
[Round "4"]
[White "McShane,L"]
[Black "Howell,D"]
[Result "1/2-1/2"]
[WhiteElo "2615"]
[BlackElo "2597"]
[EventDate "2009.12.08"]

1. Nf3 Nf6 2. c4 g6 3. Nc3 d5 4. cxd5 Nxd5 5. Qa4+ Nc6 6. Ne5 Qd6 7. Nxc6
Qxc6 8. Qxc6+ bxc6 9. g3 Bg7 10. Bg2 Rb8 11. b3 O-O 12. Bb2 Nxc3 13. Bxc3
Bxc3 14. dxc3 c5 15. O-O-O Rb6 16. c4 Rd6 17. Rd5 Bb7 18. Rxd6 Bxg2 19.
Rdd1 Bxh1 20. Rxh1 Rd8 21. Rd1 Rxd1+ 22. Kxd1 Kf8 23. Kd2 Ke8 24. Ke3 Kd7
25. g4 f6 26. Ke4 Ke6 27. h3 f5+ 28. Kf4 Kf6 29. g5+ Ke6 30. e4 fxe4 31.
Kxe4 Kd6 32. f4 e6 33. h4 a6 34. a3 a5 35. Kf3 e5 36. Ke4 exf4 37. Kxf4 Ke6
38. Ke4 Kd6 39. Kf4 Ke6 40. Ke4 1/2-1/2

[Event "Chess Classic"]
[Site "London ENG"]
[Date "2009.12.12"]
[Round "4"]
[White "Short,N"]
[Black "Ni Hua"]
[Result "1/2-1/2"]
[WhiteElo "2707"]
[BlackElo "2665"]
[EventDate "2009.12.08"]

1. e4 e6 2. d4 d5 3. Nc3 Nf6 4. Bg5 dxe4 5. Nxe4 Nbd7 6. Nxf6+ Nxf6 7. c3
h6 8. Bh4 c5 9. Bxf6 gxf6 10. Qf3 cxd4 11. Bb5+ Ke7 12. Ne2 Qd5 13. Qxd5
exd5 14. Nxd4 f5 15. O-O-O Kf6 16. Ne2 Be6 17. Nf4 Rd8 18. Bc4 d4 19. Bxe6
fxe6 20. Rxd4 Bc5 21. Rxd8 Rxd8 22. Nh3 h5 23. Re1 e5 24. Re2 e4 25. Kc2 h4
26. f3 Re8 27. fxe4 fxe4 28. b4 Bd6 29. Rf2+ Ke5 30. Ng1 Rg8 31. g3 hxg3
32. hxg3 Rxg3 33. Ne2 Rf3 34. Rg2 Kd5 35. Nd4 Rh3 36. Nb5 Be5 37. Rd2+ Ke6
38. Nd4+ Bxd4 39. Rxd4 Rh2+ 40. Kb3 Re2 41. a4 e3 42. Kc4 Ra2 43. a5 e2 44.
Re4+ Kd6 45. Kd3 b6 46. axb6 axb6 47. Rxe2 Rxe2 48. Kxe2 b5 49. Kd2 Ke6 50.
Kd1 Kd5 51. Kc2 Kd6 52. Kd2 Ke6 53. Ke3 Ke5 54. Kd3 Kd5 55. c4+ bxc4+ 56.
Kc3 Kc6 57. Kxc4 Kb6 58. b5 Kb7 59. Kc5 Kc7 60. b6+ Kb7 61. Kb5 Kb8 62. Kc6
Kc8 63. b7+ Kb8 64. Kb6 1/2-1/2

[Event "Chess Classic"]
[Site "London ENG"]
[Date "2009.12.12"]
[Round "4"]
[White "Carlsen,M"]
[Black "Nakamura,Hi"]
[Result "1/2-1/2"]
[WhiteElo "2801"]
[BlackElo "2715"]
[EventDate "2009.12.08"]

1. d4 d5 2. c4 c6 3. Nf3 Nf6 4. Nc3 dxc4 5. a4 Bf5 6. Nh4 Bc8 7. e3 e5 8.
Bxc4 exd4 9. exd4 Be7 10. O-O O-O 11. Re1 Nd5 12. Nf3 Be6 13. Qb3 Na6 14.
Bd2 Nab4 15. Ne4 Bf5 16. Ne5 a5 17. Nc5 Bxc5 18. dxc5 Qc7 19. Bxb4 Nxb4 20.
Qf3 Be6 21. Bxe6 fxe6 22. Qb3 Qe7 23. Nf3 Nd5 24. Rac1 Rf4 25. Ne5 Raf8 26.
Nd3 Rd4 27. Rc4 Rxc4 28. Qxc4 Qf6 29. g3 Rd8 30. Kg2 Qf5 31. Nc1 Rf8 32.
Qe2 Nc7 33. Nd3 Rd8 34. Ne5 Rd5 35. Kg1 Rxc5 36. Nc4 Qf8 37. Rd1 Rd5 38.
Rxd5 exd5 39. Qe5 dxc4 40. Qxc7 Qb4 41. Qc8+ Kf7 42. Qf5+ Ke7 43. Qe5+ Kf7
44. Qf5+ Ke7 45. Qe5+ Kf7 1/2-1/2

[Event "Chess Classic"]
[Site "London ENG"]
[Date "2009.12.14"]
[Round "6"]
[White "Carlsen,M"]
[Black "Adams,Mi"]
[Result "1/2-1/2"]
[WhiteElo "2801"]
[BlackElo "2698"]
[EventDate "2009.12.08"]

1. d4 Nf6 2. c4 e6 3. Nc3 Bb4 4. e3 O-O 5. Nge2 d5 6. cxd5 exd5 7. g3 Re8
8. Bg2 Bf8 9. O-O Na6 10. a3 c6 11. f3 c5 12. g4 h6 13. h3 b6 14. Ng3 Bb7
15. f4 Rc8 16. g5 hxg5 17. fxg5 Ne4 18. Ncxe4 dxe4 19. Qg4 g6 20. Nxe4 Bxe4
21. Bxe4 cxd4 22. Bb7 Rc2 23. Bxa6 Qc7 24. Qf4 Bd6 25. Qf3 Bc5 26. Qf4 Bd6
27. Qf3 Bc5 28. Qf4 Qxf4 29. Rxf4 dxe3 30. Kf1 e2+ 31. Ke1 Rd8 32. Bxe2 Re8
33. Bd2 Rxd2 34. Kxd2 Be3+ 35. Kc2 Bxf4 36. Bc4 Bxg5 37. Rg1 Re5 38. h4
Bxh4 39. Rxg6+ Kf8 40. Rd6 Re7 41. Bb5 Rc7+ 42. Rc6 Re7 43. Rd6 Re5 44. Bc4
Rf5 45. b4 Ke7 46. Rd5 Rf2+ 47. Rd2 Rf4 48. Bb5 Ke6 49. Re2+ Kf6 50. Rd2
Ke6 51. Re2+ Kf6 52. Rd2 Bf2 53. Rd7 a5 54. bxa5 bxa5 55. a4 Bc5 56. Rd5
Bb4 57. Kd3 Ke6 58. Rd4 Rf3+ 59. Ke2 Ra3 60. Bc4+ Ke5 61. Rd3 Rxd3 1/2-1/2

[Event "Chess Classic"]
[Site "London ENG"]
[Date "2009.12.14"]
[Round "6"]
[White "McShane,L"]
[Black "Ni Hua"]
[Result "0-1"]
[WhiteElo "2615"]
[BlackElo "2665"]
[EventDate "2009.12.08"]

1. e4 e6 2. d4 d5 3. Nd2 c5 4. Ngf3 cxd4 5. Nxd4 Nf6 6. exd5 Qxd5 7. Nb5
Na6 8. c4 Qc6 9. a3 Be7 10. b4 O-O 11. Qf3 Nb8 12. Rb1 a5 13. bxa5 Qxf3 14.
Nxf3 Rxa5 15. Be2 Nbd7 16. O-O b6 17. Bd2 Ra4 18. Bb4 Nc5 19. Rfd1 Bb7 20.
Ne5 Ba8 21. f3 Rb8 22. Rd2 Ne8 23. Nd7 Rb7 24. Rbd1 g5 25. Nxc5 bxc5 26.
Bc3 Rb8 27. Be5 Rc8 28. Rd7 Bf6 29. Nd6 Bc6 30. Nxc8 Bxd7 31. Bxf6 Nxf6 32.
Nb6 Ra7 33. a4 Kf8 34. Nxd7+ Nxd7 35. Ra1 Ke7 36. Kf2 Ne5 37. Ke3 Nc6 38.
Kd3 Rb7 39. Kc3 Na5 40. Bd3 Rb3+ 41. Kc2 h5 42. g3 g4 43. f4 f5 44. Re1 Kd6
45. Rd1 Kc7 46. Re1 Rb6 47. Kc3 Nb3 48. Bc2 Nd4 49. Ra1 Rb8 50. Bd1 Rh8 51.
Kd2 h4 52. Ra3 Kb6 53. a5+ Ka6 54. Ke1 hxg3 55. hxg3 Rh1+ 56. Kd2 Rg1 57.
Ba4 Rg2+ 58. Ke1 Kxa5 59. Bc6+ Kb4 60. Ra4+ Kb3 61. Bxg2 Kxa4 62. Bb7 Kb4
63. Ba6 Ka5 64. Bc8 Kb6 65. Kd2 Kc7 66. Ba6 Nc6 67. Bb5 Na7 68. Ba4 Nc8 69.
Ke3 Nd6 70. Kf2 Kd8 71. Bc2 Ke7 72. Bd3 Kd7 73. Kg2 Kc6 74. Bf1 Kb6 75. Kf2
Ne4+ 76. Kg2 Ka5 77. Bd3 Nd6 78. Kf2 Kb4 79. Bb1 Kc3 80. Kg2 Ne4 0-1

[Event "Chess Classic"]
[Site "London ENG"]
[Date "2009.12.15"]
[Round "7"]
[White "Short, N."]
[Black "Carlsen, M."]
[Result "1/2-1/2"]
[WhiteElo "2707"]
[BlackElo "2801"]
[PlyCount "141"]
[EventDate "2009.12.08"]

1. e4 c5 2. Nf3 d6 3. d4 cxd4 4. Nxd4 Nf6 5. Nc3 g6 6. Be3 Bg7 7. f3 Nc6 8. Qd2
O-O 9. O-O-O d5 10. Kb1 Nxd4 11. e5 Nf5 12. exf6 exf6 13. Bc5 d4 14. Bxf8 Qxf8
15. Nb5 Ne3 16. Rc1 Bh6 17. Qxd4 Nf5 18. Qc3 Bxc1 19. Kxc1 Bd7 20. Bd3 Rc8 21.
Qd2 Bxb5 22. Bxb5 Qc5 23. Bd3 Ne3 24. Re1 Re8 25. Qf2 f5 26. f4 Qd4 27. g3 Re6
28. Qd2 Ng4 29. h3 Rxe1+ 30. Qxe1 Nf2 31. Bf1 Ne4 32. Bg2 b6 33. c3 Qd3 34. g4
Ng3 35. b3 Ne2+ 36. Kb2 Kf8 37. Bc6 fxg4 38. hxg4 h5 39. gxh5 gxh5 40. a4 a6
41. f5 h4 42. Bg2 Ng3 43. f6 Qd6 44. Qf2 Kg8 45. b4 a5 46. bxa5 bxa5 47. Kc2
Kh7 48. c4 Qa3 49. Be4+ Kg8 50. Qf4 Qxa4+ 51. Kd2 Nxe4+ 52. Qxe4 Qa2+ 53. Kc3
Qa1+ 54. Kb3 Qd1+ 55. Kb2 Qh5 56. c5 h3 57. c6 a4 58. Ka2 Qd1 59. Qe8+ Kh7 60.
Qxf7+ Kh6 61. c7 Qc2+ 62. Ka3 h2 63. Qg7+ Kh5 64. Qh8+ Kg6 65. Qg8+ Kxf6 66.
c8=Q Qxc8 67. Qxc8 h1=Q 68. Qa6+ Ke5 69. Qb5+ Qd5 70. Kxa4 Qxb5+ 71. Kxb5
1/2-1/2

[Event "Chess Classic"]
[Site "London ENG"]
[Date "2009.12.15"]
[Round "7"]
[White "Adams, Mi"]
[Black "McShane, L."]
[Result "1-0"]
[WhiteElo "2698"]
[BlackElo "2615"]
[PlyCount "91"]
[EventDate "2009.12.08"]

1. e4 e5 2. Nf3 Nc6 3. Bb5 a6 4. Ba4 Nf6 5. O-O Be7 6. Re1 b5 7. Bb3 d6 8. c3
O-O 9. h3 Nb8 10. d4 Nbd7 11. Nbd2 Bb7 12. Bc2 Re8 13. Nf1 Bf8 14. Ng3 c6 15.
a4 Qc7 16. Be3 Rad8 17. Qc1 h6 18. b3 Qb8 19. Rb1 Qc8 20. Qb2 Qc7 21. Rbd1 Bc8
22. c4 bxc4 23. bxc4 exd4 24. Bxd4 c5 25. Bc3 Bb7 26. Nf5 Re6 27. Nd2 Rde8 28.
f3 Nh5 29. Nf1 Ne5 30. N1e3 Rg6 31. Kh1 Nf4 32. Qc1 Qc8 33. Ng4 Nxg2 34. Kxg2
h5 35. Kf2 Nxf3 36. Nfh6+ Kh7 37. Kxf3 f5 38. Kg3 fxg4 39. e5 h4+ 40. Kxh4 Be7+
41. Kg3 Rf8 42. Rf1 gxh6 43. Qb1 h5 44. Bxg6+ Kh6 45. Bxh5 Rg8 46. Bd2+ 1-0

[Event "Chess Classic"]
[Site "London ENG"]
[Date "2009.12.15"]
[Round "7"]
[White "Ni Hua"]
[Black "Howell, D."]
[Result "0-1"]
[WhiteElo "2665"]
[BlackElo "2597"]
[PlyCount "80"]
[EventDate "2009.12.08"]

1. e4 e5 2. Nf3 Nc6 3. Bb5 a6 4. Ba4 Nf6 5. d3 b5 6. Bb3 Be7 7. O-O O-O 8. a4
Bb7 9. Nc3 b4 10. Nd5 Na5 11. Ba2 Nxd5 12. exd5 b3 13. cxb3 Bxd5 14. Nxe5 Rb8
15. Nc4 Nc6 16. Bd2 Be6 17. Rc1 Re8 18. Re1 Bc5 19. Ne3 Ba7 20. Bc3 Nd4 21. Qh5
h6 22. Nc4 Qg5 23. Qxg5 hxg5 24. Nd2 Bf5 25. Bxd4 Bxd4 26. Ne4 Bxb2 27. Rb1 Ba3
28. f3 d5 29. g4 dxe4 30. gxf5 exd3 31. Rxe8+ Rxe8 32. Rd1 Re2 33. Bb1 d2 34.
Bc2 Bc5+ 35. Kh1 a5 36. Rf1 Kf8 37. Bd1 Re1 38. Kg2 Ke7 39. Bc2 Kf6 40. h3 Ke5
0-1